| 000 | 01359njm a22002897a 4500 | ||
|---|---|---|---|
| 005 | 20100901115333.0 | ||
| 006 | a|||||r|||||00| 0 | ||
| 007 | sd ammalaaahaa | ||
| 008 | 100901t xxu||||| |||| 00| 0 eng d | ||
| 028 |
_a7EPE 7052 _bHis Master's Voice |
||
| 035 | _aGR-02361 | ||
| 040 |
_aSED _cSED |
||
| 100 |
_aKishore Kumar _917891 |
||
| 245 |
_aSagina / _cby Kishore Kumar [and] Dilip Kumar ; music by S.D. Burman ; lyrices by Majrooh _h[Sound recording] |
||
| 246 | _aसगीना / किशोरे कुमार | ||
| 260 |
_aDUM DUM, India _bHis Master's Voice _c1974 |
||
| 300 |
_a1 Sound disc [Gramophone Recording] : _banalog, 33 1/3 rpm _c7 in. (SP) _fGramophone Record |
||
| 500 | _aBrief record | ||
| 500 | _aRecord Labels : His Master's Voice, Red | ||
| 505 | _aSide-1 उपर वाला दुखियों की नहीं सुनता रे (Uper wala dukhiyon ki nahin sunta re ) (Kishore Kumar [and] Dilip Kumar )--Side -2 साला मैं तो साहब बन गया ( Sala main to sahab ban gaya) (Kishor Kumar & Pankaj Mitra) | ||
| 600 |
_aKishore Kumar _91184 |
||
| 650 |
_aClassical music _xExcerpts _zIndia _917892 |
||
| 700 |
_aBurman, S.D. _919858 |
||
| 700 |
_aMajrooh _919099 |
||
| 942 |
_2ddc _cGR |
||
| 999 |
_c45578 _d45578 |
||